000
00201nam a2200109Ia 4500
100
_a
MORTON/H.V.
942
_c
BK
245
_a
TRAVELLER IN ROME.
260
_b
#N/A
546
_a
ENGLISH
999
_c
27623
_d
27623